| 000 | 00757nam a2200241 i 4500 | ||
|---|---|---|---|
| 001 | 73270 | ||
| 003 | ES-MaACL | ||
| 005 | 20250920063046.0 | ||
| 007 | t| | ||
| 008 | 040923s2004 sp ||||1| spa d | ||
| 020 | _a84-270-3008-8 | ||
| 080 | _a663.2 | ||
| 100 | 0 |
_aFalcó Fernández de Córdova, Carlos, _cMarqués de Griñón _948701 |
|
| 245 | 1 | 0 |
_aEntender de vino / _cCarlos Falcó Fernández de Córdova, Marqués de Griñón. |
| 250 | _a1ª ed. rev. y act. | ||
| 260 |
_aMadrid : _bMartínez Roca, _c2004. |
||
| 300 |
_a281 p. : _bil. col. y n., graf. ; _c23 cm. |
||
| 490 | 1 | _aMR prácticos | |
| 650 | 1 | 4 |
_aVinos. _917810 |
| 830 | 0 |
_aMR prácticos _9231159 |
|
| 852 |
_aES-MaACL _jL-28102 _bR.134020 |
||
| 999 |
_c73270 _d73270 |
||